000 00915nam a2200277Ia 4500
003 OSt
005 20221005111429.0
006 a|||||r|||| 00| 0
007 ta
008 221004b |||||||| |||| 00| 0 hin d
020 _a8281436504 (hbk)
_c125
024 _a13904
037 _b338, 20/03/2014, Vani Prakashan
_cTextual
040 _aCRL
_cCRL
_bhin
041 _2hin
_ahin
082 _aO152,1N52x, P7
100 _aउदय प्रकाश
245 0 _aसुनो कारीगर
246 _aSuno kārīgara
250 _a2 संस्करण
260 _aनई दिल्ली
_bवाणी प्रकाशन भारत
_c2007
300 _a103पृ0
_ccm.
650 _aहिन्दी साहित्य
942 _hO152,1N52x, P7
_cTEXL
_2cc
999 _c1021818
_d1021818